| 000 | 00466nam a22001817a 4500 | ||
|---|---|---|---|
| 003 | MPLRDC | ||
| 005 | 20220104123714.0 | ||
| 008 | 210129b ||||| |||| 00| 0 eng d | ||
| 020 | _a7-110-02242-0 | ||
| 082 | _a428.7 YAL | ||
| 100 | _a袁爱玲、小爱编译 | ||
| 245 |
_a怎样改掉孩子的坏习惯 _c |
||
| 250 | _a一版一刷 | ||
| 260 |
_a _b科学普及出版社 _c1992 |
||
| 300 | _b平 | ||
| 650 | _a育儿--生活习惯 | ||
| 942 |
_cBK _o428.7 YAL |
||
| 999 |
_c13539 _d13529 |
||